000 00483nmm a2200169Ia 4500
008 251105s9999||||xx |||||||||||||||||und||
020 _a9788495839053
041 _aspa
100 _aMedem, Julio
245 0 _aLucía y el sexo :
_b guión cinematográfico de Julio Medem
264 _a[Madrid, España] :
_bOcho y Medio,
_c2001
300 _a158 páginas
490 _aEspiral
650 _aFilm studies
856 _uhttps://public.digitaliapublishing.com/a/370
942 _cCF
999 _c89630
_d89630